[Event "IECG CP.1998.S.00003"]
[Site "IECG email"]
[Date "2000.10.01"]
[Round "?"]
[White "Sidenko, Anatoly Viktorovich"]
[Black "Kuiper, Bert"]
[Result "1/2-1/2"]
[WhiteElo "2183"]
[BlackElo "2022"]
[PlyCount "123"]
[EventDate "2000.10.01"]
[EventType "tourn (corr)"]
[EventRounds "6"]
[EventCountry "USA"]
[SourceTitle "Corr 2008"]
[Source "ChessBase"]
[SourceDate "2008.06.24"]
[SourceVersion "1"]
[SourceVersionDate "2008.06.24"]
[SourceQuality "1"]

1. d4 d5 2. c4 dxc4 3. Nf3 c6 4. Nc3 Nf6 5. e3 b5 6. a4 Nd5 7. Ne5 e6 8. axb5 Bb4 9. Bd2 Bxc3 10. Bxc3 cxb5 11. Ba5 Qd6 12. b3 Nc6 13. bxc4 Nxa5 14. cxd5 Qb4+ 15. Qd2 Qxd2+ 16. Kxd2 Nb3+ 17. Kc3 Nxa1 18. Bxb5+ Kf8 19. Bc6 Rb8 20. Rxa1 f6 21. Nd3 a6 22. dxe6 Rb6 23. d5 Ke7 24. Nb2 Bxe6 25. Nc4 Rxc6 26. dxc6 Ra8 27. Rb1 Bxc4 28. Rb7+ Kd6 29. Kxc4 Rc8 30. Rd7+ Kxc6 31. Rxg7 h5 32. Kb3 Kd6 33. Ra7 Rc6 34. h4 Ke6 35. f3 Rd6 36. Kc4 Rd2 37. Rxa6+ Kf7 38. Ra7+ Kg6 39. g4 hxg4 40. fxg4 Rg2 41. h5+ Kh6 42. Rf7 Rxg4+ 43. Kd5 Rg5+ 44. Ke4 Kxh5 45. Rxf6 Rg2 46. Rf8 Kh6 47. Ke5 Re2 48. e4 Kg6 49. Rf6+ Kg5 50. Rf1 Kg4 51. Kd5 Kg5 52. e5 Kg6 53. e6 Rd2+ 54. Ke5 Re2+ 55. Kd6 Ra2 56. Re1 Ra6+ 57. Kc7 Ra7+ 58. Kb6 Ra8 59. Kb7 Re8 60. Kc6 Ra8 61. Kd5 Ra5+ 62. Kc4 1/2-1/2

[Event "IECG WC.2002.P.00004 email"]
[Site "IECG email"]
[Date "1999.??.??"]
[Round "?"]
[White "Efendiyev, Enver Mikhailovich"]
[Black "Kuiper, Bert"]
[Result "1-0"]
[WhiteElo "2262"]
[BlackElo "2041"]
[PlyCount "113"]
[EventDate "1999.02.21"]
[EventType "tourn (corr)"]
[EventRounds "8"]
[SourceTitle "Corr 2008"]
[Source "ChessBase"]
[SourceDate "2008.06.24"]
[SourceVersion "1"]
[SourceVersionDate "2008.06.24"]
[SourceQuality "1"]

1. e4 e5 2. f4 d5 3. exd5 c6 4. Nc3 exf4 5. Nf3 Bd6 6. d4 Ne7 7. Bc4 0-0 8. dxc6 Nbxc6 9. 0-0 Bg4 10. Ne4 Bc7 11. c3 Ng6 12. Nf2 Bh5 13. Qd3 Na5 14. Bb5 a6 15. Ba4 Qd5 16. Ne4 Bg4 17. Bc2 Rfe8 18. b3 Nc6 19. h3 Bc8 20. Bd2 b6 21. Neg5 Nce7 22. c4 Qd8 23. Nh4 Nf5 24. Nxf5 Qxg5 25. Rae1 Bd7 26. Bb4 Qh5 27. d5 Ne5 28. Qe4 Nc6 29. Ne7+ Nxe7 30. Bxe7 f6 31. Rd1 b5 32. d6 Bb6+ 33. Kh2 Be3 34. c5 Rac8 35. b4 Qh4 36. Bb3+ Kh8 37. Be6 Bc6 38. Qxc6 Qg3+ 39. Kh1 Rxc6 40. d7 Qg6 41. Bf5 Rxe7 42. Bxg6 Rxd7 43. Rxd7 hxg6 44. Rd6 Rc8 45. Rfd1 Kh7 46. Rxa6 g5 47. Ra5 Rb8 48. c6 Rc8 49. Ra6 g4 50. a4 bxa4 51. b5 gxh3 52. gxh3 g5 53. b6 Bxb6 54. Rxb6 Kg6 55. Rd7 a3 56. c7 Kf5 57. Ra6 1-0

[Event "IECG CP.1998.Q.00013"]
[Site "IECG email"]
[Date "1999.??.??"]
[Round "?"]
[White "Kuiper, Bert"]
[Black "Loskarn, Peter"]
[Result "1-0"]
[WhiteElo "1965"]
[BlackElo "2076"]
[PlyCount "47"]
[EventDate "1999.10.01"]
[EventType "tourn (corr)"]
[EventRounds "8"]
[EventCountry "GER"]
[SourceTitle "Corr 2008"]
[Source "ChessBase"]
[SourceDate "2008.06.24"]
[SourceVersion "1"]
[SourceVersionDate "2008.06.24"]
[SourceQuality "1"]

1. d4 Nf6 2. c4 c5 3. d5 b5 4. Nf3 bxc4 5. Nc3 g6 6. e4 d6 7. Bxc4 Nbd7 8. Qa4 Bg7 9. Qc2 0-0 10. 0-0 Ng4 11. Be2 Nge5 12. Nxe5 Nxe5 13. b3 e6 14. Be3 exd5 15. Nxd5 Nc6 16. Rad1 Nd4 17. Qd2 Re8 18. f3 Nxe2+ 19. Qxe2 h6 20. Qb5 Be6 21. Bf4 Rb8 22. Qa4 Rb4 23. Nxb4 cxb4 24. Qxb4 1-0

[Event "SEMI ECT 3-A corr"]
[Site "SEMI email"]
[Date "1999.??.??"]
[Round "?"]
[White "Kuiper, Bert"]
[Black "Maciulewicz, Christopher"]
[Result "1/2-1/2"]
[WhiteElo "2113"]
[BlackElo "2203"]
[PlyCount "72"]
[EventDate "1999.??.??"]
[EventType "tourn (corr)"]
[EventRounds "8"]
[EventCountry "ITA"]
[SourceTitle "Corr 2008"]
[Source "ChessBase"]
[SourceDate "2008.06.24"]
[SourceVersion "1"]
[SourceVersionDate "2008.06.24"]
[SourceQuality "1"]

1. d4 f5 2. c4 Nf6 3. g3 e6 4. Bg2 d5 5. Nf3 Be7 6. 0-0 0-0 7. b3 c6 8. Ba3 Nbd7 9. Qc1 Re8 10. Qe3 Bxa3 11. Nxa3 Qe7 12. Nc2 dxc4 13. bxc4 e5 14. Rab1 Qf7 15. Qc3 Ne4 16. Qd3 exd4 17. Ncxd4 Ndc5 18. Qc2 f4 19. e3 fxe3 20. fxe3 Qh5 21. Nh4 Qe5 22. Nhf3 Qe7 23. Nh4 Nd6 24. Rbe1 Bg4 25. Rf4 Bh5 26. Nhf5 Nxf5 27. Nxf5 Qc7 28. Ref1 Rad8 29. Rd4 Rd7 30. Rxd7 Qxd7 31. Qb2 Bg6 32. Qd4 Bxf5 33. Qxc5 Be6 34. Rf4 a6 35. Rd4 Qc7 36. a4 Bf7 1/2-1/2

[Event "IECG WC.2002.P.00004 email"]
[Site "IECG email"]
[Date "1999.??.??"]
[Round "?"]
[White "Kuiper, Bert"]
[Black "Martjukhin, Viktor"]
[Result "1/2-1/2"]
[WhiteElo "2041"]
[BlackElo "2084"]
[PlyCount "165"]
[EventDate "1999.02.21"]
[EventType "tourn (corr)"]
[EventRounds "8"]
[SourceTitle "Corr 2008"]
[Source "ChessBase"]
[SourceDate "2008.06.24"]
[SourceVersion "1"]
[SourceVersionDate "2008.06.24"]
[SourceQuality "1"]

1. e4 c6 2. d4 d5 3. Nc3 dxe4 4. Nxe4 Nf6 5. Qd3 Nxe4 6. Qxe4 Nd7 7. Nf3 Nf6 8. Qd3 Qb6 9. Be2 Bg4 10. h3 Bh5 11. Qb3 Qxb3 12. axb3 e6 13. Ne5 Bxe2 14. Kxe2 Bd6 15. Re1 Ke7 16. Kf3 Rhd8 17. c3 c5 18. dxc5 Bxc5 19. b4 Bb6 20. Nc4 Bc7 21. Be3 a6 22. Na5 Bxa5 23. Rxa5 Rd5 24. c4 Rxa5 25. bxa5 Rc8 26. b3 Nd7 27. Ke2 e5 28. Kd3 Ke6 29. Kc3 f5 30. f3 Rc6 31. b4 Rd6 32. b5 h5 33. Rb1 f4 34. Bf2 g5 35. c5 Rd5 36. c6 bxc6 37. bxc6 Nf6 38. Rb6 Ne8 39. c7+ Kd7 40. c8Q+ Kxc8 41. Rxa6 Nc7 42. Rg6 e4 43. Rg8+ Kb7 44. Bb6 exf3 45. gxf3 Na8 46. Bd8 Nc7 47. Kc4 Rxa5 48. Rg7 Kc8 49. Bxc7 Ra3 50. Be5 Rxf3 51. Rxg5 Rxh3 52. Kd5 Rh1 53. Bxf4 Ra1 54. Rg7 Rd1+ 55. Ke6 Re1+ 56. Be5 Rc1 57. Rh7 h4 58. Rxh4 Kb7 59. Kd5 Rb1 60. Bd4 Rc1 61. Rh6 Rc8 62. Rb6+ Kc7 63. Rd6 Rf8 64. Bb6+ Kb7 65. Rh6 Rf5+ 66. Kd4 Rg5 67. Kc4 Rf5 68. Kd3 Rg5 69. Bd4 Rf5 70. Rb6+ Kc7 71. Rg6 Kd7 72. Ke4 Ra5 73. Rh6 Rb5 74. Ra6 Kc7 75. Kd3 Kd7 76. Ke4 Kc7 77. Be5+ Kb7 78. Rg6 Rb4+ 79. Kf5 Rb1 80. Bd4 Rb5+ 81. Ke4 Kc7 82. Be5+ Kb7 83. Kd4 1/2-1/2

[Event "IECG CP.1998.Q.00013"]
[Site "IECG email"]
[Date "1999.??.??"]
[Round "?"]
[White "Kuiper, Bert"]
[Black "Novak, Joze"]
[Result "1-0"]
[WhiteElo "1965"]
[BlackElo "2315"]
[PlyCount "87"]
[EventDate "1999.10.01"]
[EventType "tourn (corr)"]
[EventRounds "8"]
[EventCountry "GER"]
[SourceTitle "Corr 2008"]
[Source "ChessBase"]
[SourceDate "2008.06.24"]
[SourceVersion "1"]
[SourceVersionDate "2008.06.24"]
[SourceQuality "1"]

1. d4 d6 2. e4 Nf6 3. Nc3 g6 4. f4 Bg7 5. Nf3 0-0 6. Bd3 Nc6 7. e5 Ne8 8. Be4 Bg4 9. 0-0 f6 10. Be3 fxe5 11. dxe5 e6 12. Bxc6 bxc6 13. b3 Qe7 14. Qd4 Rd8 15. Rad1 c5 16. Qa4 Bxf3 17. Rxf3 dxe5 18. Rxd8 Qxd8 19. Bxc5 Rxf4 20. Rxf4 exf4 21. Qxf4 Qd7 22. b4 Nd6 23. Qf3 Bxc3 24. Qxc3 Ne4 25. Qd4 Nxc5 26. Qxc5 Kf7 27. h4 h6 28. Qxa7 Qd1+ 29. Kh2 Qxc2 30. Qc5 Qxc5 31. bxc5 Ke8 32. a4 Kd8 33. Kg3 Kc8 34. Kf4 Kb7 35. Ke5 Kc6 36. Kxe6 g5 37. hxg5 hxg5 38. g4 Kxc5 39. Kd7 c6 40. a5 Kd4 41. a6 Ke4 42. a7 Kf4 43. a8Q Kxg4 44. Qxc6 1-0

[Event "SEMI ECT 3-A corr"]
[Site "SEMI email"]
[Date "1999.??.??"]
[Round "?"]
[White "Kuiper, Bert"]
[Black "Prevenios, Michalis"]
[Result "1/2-1/2"]
[WhiteElo "2113"]
[BlackElo "2221"]
[PlyCount "154"]
[EventDate "1999.??.??"]
[EventType "tourn (corr)"]
[EventRounds "8"]
[EventCountry "ITA"]
[SourceTitle "Corr 2008"]
[Source "ChessBase"]
[SourceDate "2008.06.24"]
[SourceVersion "1"]
[SourceVersionDate "2008.06.24"]
[SourceQuality "1"]

1. d4 Nf6 2. c4 g6 3. Nc3 Bg7 4. e4 d6 5. Nf3 0-0 6. Be2 e5 7. Be3 Nbd7 8. 0-0 c6 9. d5 Ng4 10. Bg5 f6 11. Bd2 Qe7 12. h3 Nh6 13. Be3 Nf7 14. Qc2 Bh6 15. Bxh6 Nxh6 16. Qd2 Nf7 17. b4 c5 18. a3 b6 19. Nb5 a6 20. Nc7 Ra7 21. Ne6 Re8 22. Bd1 Nd8 23. Nxd8 Rxd8 24. Nh2 b5 25. Be2 bxc4 26. Bxc4 Rc7 27. Qe2 cxb4 28. axb4 Nb8 29. Rac1 f5 30. exf5 Bxf5 31. g4 Bd7 32. Bxa6 Nxa6 33. Qxa6 Be8 34. Rxc7 Qxc7 35. Qa5 Rc8 36. Qxc7 Rxc7 37. Nf3 Rb7 38. Ra1 Bf7 39. Ra8+ Kg7 40. Rd8 Bxd5 41. Nxe5 dxe5 42. Rxd5 Kf6 43. b5 Ke6 44. Rc5 Kd6 45. Rc6+ Kd5 46. Ra6 Rxb5 47. Ra7 h5 48. gxh5 gxh5 49. Rh7 Ke4 50. Rxh5 Kf4 51. Kg2 Rb2 52. Rh4+ Kf5 53. Kg3 Rb1 54. f3 Rg1+ 55. Kf2 Rb1 56. Rg4 Rb2+ 57. Kg3 Rb1 58. h4 Rg1+ 59. Kh3 Rh1+ 60. Kg2 Rc1 61. Rg8 Rc4 62. Kg3 Rb4 63. Rg4 Rb1 64. h5 Rb7 65. Rg8 Ra7 66. Kh4 Ra4+ 67. Rg4 Ra1 68. Kg3 Ra7 69. Rg8 Ra6 70. Re8 Ra7 71. Rd8 Kg5 72. Rh8 Rf7 73. h6 Re7 74. Kf2 e4 75. Rg8+ Kxh6 76. f4 e3+ 77. Ke2 Kh7 1/2-1/2

[Event "IECG CP.1998.Q.00013"]
[Site "IECG email"]
[Date "1999.??.??"]
[Round "?"]
[White "Kuiper, Bert"]
[Black "Sidenko, Anatoly Viktorovich"]
[Result "1-0"]
[WhiteElo "1965"]
[BlackElo "2199"]
[PlyCount "23"]
[EventDate "1999.10.01"]
[EventType "tourn (corr)"]
[EventRounds "8"]
[EventCountry "GER"]
[SourceTitle "Corr 2008"]
[Source "ChessBase"]
[SourceDate "2008.06.24"]
[SourceVersion "1"]
[SourceVersionDate "2008.06.24"]
[SourceQuality "1"]

1. d4 Nf6 2. c4 h6 3. Nf3 e6 4. e3 d5 5. Bd2 c5 6. cxd5 exd5 7. Nc3 Nc6 8. Bb5 cxd4 9. Nxd4 Bd7 10. Bd3 Nxd4 11. exd4 Bc5 12. dxc5 1-0

[Event "SEMI ECT 3-A corr"]
[Site "SEMI email"]
[Date "1999.??.??"]
[Round "?"]
[White "Vujadinovic, Milan"]
[Black "Kuiper, Bert"]
[Result "0-1"]
[WhiteElo "2275"]
[BlackElo "2113"]
[PlyCount "150"]
[EventDate "1999.??.??"]
[EventType "tourn (corr)"]
[EventRounds "8"]
[EventCountry "ITA"]
[SourceTitle "Corr 2008"]
[Source "ChessBase"]
[SourceDate "2008.06.24"]
[SourceVersion "1"]
[SourceVersionDate "2008.06.24"]
[SourceQuality "1"]

1. c4 e5 2. Nc3 Nf6 3. Nf3 Nc6 4. e3 Bb4 5. Qc2 d6 6. d3 Bg4 7. Be2 Bxc3+ 8. Qxc3 0-0 9. h3 Bh5 10. g4 Bg6 11. e4 a5 12. Be3 Qe7 13. Nh4 Nd7 14. Nxg6 fxg6 15. 0-0-0 Nc5 16. h4 Ne6 17. Rdg1 Ncd4 18. Bd1 a4 19. g5 c5 20. h5 gxh5 21. Rxh5 Nf4 22. Bxf4 Rxf4 23. Rgh1 Rxf2 24. Qe1 Raf8 25. Qe3 R8f4 26. Qh3 Qe6 27. Rxh7 Qxh3 28. R7xh3 a3 29. bxa3 Kf7 30. Bh5+ Ke7 31. R3h2 Ne6 32. Be2 Rxh2 33. Rxh2 Nxg5 34. Kd2 Ne6 35. Ke3 Nd4 36. a4 Ke6 37. Rh8 Nc2+ 38. Kd2 Rf2 39. Kxc2 Rxe2+ 40. Kb3 b6 41. a3 g5 42. Rb8 Re1 43. Kc2 g4 44. Rg8 Rg1 45. Kd2 Kd7 46. Ke2 Rg2+ 47. Ke3 g3 48. Kf3 Ra2 49. Rxg3 Rxa3 50. Ke2 Rxa4 51. Kd2 Kc6 52. Rg6 Ra5 53. Kc3 b5 54. cxb5+ Rxb5 55. Rg8 Rb4 56. Rc8+ Kd7 57. Rh8 Rd4 58. Rh7+ Kc6 59. Rh8 Kc7 60. Rh7+ Kb6 61. Rh8 c4 62. dxc4 Rxe4 63. Kd3 Rf4 64. Rc8 Rf3+ 65. Ke4 Rc3 66. Kd5 Rd3+ 67. Ke6 e4 68. Kf5 e3 69. Re8 Kc5 70. Ke4 Rc3 71. Rc8+ Kb4 72. Kd4 Kb3 73. Rh8 e2 74. Re8 Rc2 75. Kd3 Kb2 0-1

[Event "SEMI ECT1 A email"]
[Site "SEMI email"]
[Date "1998.05.07"]
[Round "?"]
[White "Kuiper, Bert"]
[Black "Riley, Robert"]
[Result "1-0"]
[WhiteElo "1800"]
[BlackElo "950"]
[PlyCount "25"]
[EventDate "1998.??.??"]
[EventType "tourn (corr)"]
[EventRounds "10"]
[EventCountry "ITA"]
[SourceTitle "Corr 2008"]
[Source "ChessBase"]
[SourceDate "2008.06.24"]
[SourceVersion "1"]
[SourceVersionDate "2008.06.24"]
[SourceQuality "1"]

1. e4 e5 2. f4 exf4 3. Nf3 g5 4. Bc4 Bg7 5. d4 h6 6. c3 d5 7. exd5 Qe7+ 8. Kf2 Qd6 9. Re1+ Ne7 10. b3 Bf6 11. Ba3 Qd7 12. Ne5 Qf5 13. Bd3 1-0

[Event "SEMI EU-ch1 email"]
[Site "SEMI email"]
[Date "1998.??.??"]
[Round "?"]
[White "Kuiper, Bert"]
[Black "Vicary, Lance K"]
[Result "1-0"]
[WhiteElo "1800"]
[BlackElo "1860"]
[PlyCount "63"]
[EventDate "1998.??.??"]
[EventType "tourn (corr)"]
[EventRounds "10"]
[EventCountry "ITA"]
[SourceTitle "Corr 2008"]
[Source "ChessBase"]
[SourceDate "2008.06.24"]
[SourceVersion "1"]
[SourceVersionDate "2008.06.24"]
[SourceQuality "1"]

1. d4 f5 2. e4 fxe4 3. Nc3 Nf6 4. Bg5 Nc6 5. d5 Ne5 6. Qd4 Nf7 7. Nh3 c6 8. Bxf6 exf6 9. Qxe4+ Be7 10. 0-0-0 Nd6 11. Qf4 c5 12. Nb5 Qb6 13. Re1 Kd8 14. Nc3 g5 15. Qd2 h6 16. f4 Rg8 17. Qe2 Bf8 18. g4 Rg7 19. Bg2 gxf4 20. Nxf4 Re7 21. Qd3 Qb4 22. Qg3 Rg7 23. a3 Qb6 24. Nh5 Rg6 25. Qf4 f5 26. Bf3 Be7 27. Rxe7 Kxe7 28. gxf5 Rg5 29. f6+ Kf7 30. Ne4 Nxe4 31. Qxe4 Qd6 32. Qh7+ 1-0